000 00690nam a22001817a 4500
999 _c14463
_d14463
008 190925b ||||| |||| 00| 0 eng d
020 _a9781680947793
082 _22018
_aDC 658.4092
_bT343
100 _aEdited by 3G E-learning LLC, USA
_939941
245 _aTheory, practice and techniques in leadership skills/
_cedited by 3G E-learning LLC, USA
260 _aNew York:
_b3G E-learning LLC,
_cc2018.
300 _aiii, 284 pages:
_billustrations;
_c23 cm.
500 _aInclude index.
650 _aLeadership -- Juvenile literature.
_939942
650 _a Management -- Juvenile literature.
_939943
650 _aTeams in the workplace -- Juvenile literature.
_939944
942 _2ddc
_cDC